000 00455nam a2200181Ia 4500
001 24
008 170130s1987 ii a g b000 u 465 u
082 _a575.1
100 _aLewin, Benjamin,
_eAuthor.
245 0 _aGenes /
_cBenjamin Lewin.
_hTextual Documents
250 _a3rd ed /
260 _aNew York :
_bJohn Wiley & Sons ,
_c1987.
300 _a761p. :
_bill ;
_c23cm. .
504 _aIndex
653 _aBotany
653 _aGenetics
942 _2ddc
_cBK
999 _c24
_d24